PL Transfer Window Biggest Buys Quiz Stats

 Plays Quiz not verified by Sporcle

Also try: MLS Cup Champions
Challenge
Share
Tweet
Embed
Score 0/31 Timer 08:00
0 Plays Today
Transfer Window Answer % Correct
Summer 2007Fernando Torres
91.3%
Winter 2010/11Fernando Torres
91.2%
Summer 2016Paul Pogba
91.2%
Summer 2017Romelu Lukaku
90.7%
Summer 2013Mesut Ozil
86%
Summer 2015Kevin de Bruyne
85.4%
Summer 2002Rio Ferdinand
83.1%
Winter 2014/15Wilfried Bony
82.6%
Winter 2013/14Juan Mata
81.2%
Winter 2016/17Gabriel Jesus
80.8%
Summer 2014Angel Di Maria
80.1%
Summer 2009Carlos Tevez
77.6%
Summer 2012Eden Hazard
77.5%
Summer 2011Sergio Aguero
77.1%
Summer 2004Didier Drogba
72.7%
Summer 2008Robinho
72.4%
Transfer Window Answer % Correct
Summer 2010Yaya Toure
69.4%
Summer 2006Andriy Shevchenko
66.3%
Winter 2003/04Jose Antonio Reyes
56%
Winter 2012/13Christopher Samba
50.5%
Winter 2007/08Nicolas Anelka
49%
Winter 2006/07Ashley Young
45.7%
Summer 2003Damien Duff
45.4%
Winter 2015/16Gianelli Imbula
43.6%
Summer 2005Michael Essien
43.1%
Winter 2011/12Papiss Cisse
39%
Winter 2009/10Adam Johnson
35.7%
Winter 2005/06Dean Ashton
34%
Winter 2002/03Jonathan Woodgate
22.2%
Winter 2008/09Nigel de Jong
18.6%
Winter 2004/05Jiri Jarosik
7.6%

You're not logged in!

Compare scores with friends on all Sporcle quizzes.
Join for Free
OR
Log In

You Might Also Like...

Show Comments

Extras

Top Quizzes Today


Score Distribution

Your Account Isn't Verified!

In order to create a playlist on Sporcle, you need to verify the email address you used during registration. Go to your Sporcle Settings to finish the process.

Report this User

Report this user for behavior that violates our Community Guidelines.

Details: